Global Problems of the Employment in V4 Region
Saved in:
| Main Author: | |
|---|---|
| Other Authors: | , |
| Format: | Book Chapter |
| Language: | English |
| Tags: |
No Tags, Be the first to tag this record!
|
MARC
| LEADER | 00000naa$a2200000$$$4500 | ||
|---|---|---|---|
| 001 | 0297284 | ||
| 005 | 20250128074416.6 | ||
| 041 | 0 | |a eng | |
| 044 | |a FR | ||
| 245 | 1 | 0 | |a Global Problems of the Employment in V4 Region |c Katarína Čulková, Daniela Hrehová, Mária Janošková |
| 100 | 1 | |a Čulková, Katarína | |
| 700 | 1 | |a Hrehová, Daniela | |
| 700 | 1 | |a Janošková, Mária, 1965- | |